| 000 | 01642nac a22002891u 4500 | ||
|---|---|---|---|
| 010 | _a 2006005127 | ||
| 020 | _a0521864143 (hardback) | ||
| 020 | _a9780521864145 | ||
| 035 | _a(OCoLC)ocm64208261 | ||
| 082 | 0 | 0 |
_a332.091767 _bG186 |
| 090 |
_c2442 _d2442 |
||
| 100 | _aEl-Gamal, Mahmoud A., | ||
| 245 | 1 | 0 |
_aIslamic finance : _blaw, economics, and practice / _cMahmoud A. El-Gamal. |
| 260 |
_aCambridge [UK] ; _aNew York : _bCambridge University Press,2006 _c2006. |
||
| 300 |
_axvii, 221 p. : _bill. ; _c24 cm. |
||
| 504 | _aIncludes bibliographical references (p. 213-218) and index. | ||
| 505 | 0 | _aJurisprudence and arbitrage -- Two major prohibitions : Riba and Gharar -- Sale-based Islamic finance -- Derivative-like sales : salam, istisna', and 'urbun -- Leasing, securitization, and Sukuk -- Partnerships and equity investment -- Islamic financial institutions -- Governance and regulatory solutions in mutuality -- Beyond Shari'a arbitrage. | |
| 650 | 0 | _aBanking law (Islamic law) | |
| 650 | 0 |
_aBusiness enterprises _xFinance _xLaw and legislation _zIslamic countries. |
|
| 650 | 0 |
_aSecurities _zIslamic countries. |
|
| 650 | 0 |
_aFinance _xReligious aspects _xIslam. |
|
| 650 | 0 |
_aEconomics _xReligious aspects _xIslam. |
|
| 856 | 4 | 1 |
_3Table of contents _uhttp://www.loc.gov/catdir/toc/ecip068/2006005127.html |
| 856 | 4 | 1 |
_3Publisher description _uhttp://www.loc.gov/catdir/enhancements/fy0642/2006005127-d.html |
| 942 |
_cBB _k332.091767 G186 |
||
| 999 |
_c2442 _d2442 |
||